Falsafah perkahwinan dalam Islam
| Main Author: | |
|---|---|
| Format: | Book |
| Published: |
Kuala Lumpur :
Jabatan Perdana Menteri ,
1993
|
| Subjects: |
MARC
| LEADER | 00000cam a2200000 7i4500 | ||
|---|---|---|---|
| 001 | 0000003865 | ||
| 005 | 20050628.0 | ||
| 040 | |a INS | ||
| 090 | 0 | 0 | |a BP188.3.M3. |b R949 1993 |
| 100 | 0 | |a HajjahRusmiati Harun | |
| 245 | 1 | 0 | |a Falsafah perkahwinan dalam Islam |c Hajjah Rusmiati Harun |
| 260 | |a Kuala Lumpur : |b Jabatan Perdana Menteri , |c 1993 | ||
| 300 | |a 25p ; |c 19cm. | ||
| 650 | 0 | 0 | |a Islam |
| 650 | 0 | 0 | |a Marriage |x Islam |
| 999 | |a 0000005241 |b BOOK |c Open Shelf |e Default branch | ||